Human Development Report 2004 (Record no. 86884)

MARC details
000 -LEADER
fixed length control field 00566nam a2200193Ia 4500
008 - FIXED-LENGTH DATA ELEMENTS--GENERAL INFORMATION
fixed length control field 230125s9999 xx 000 0 und d
020 ## - INTERNATIONAL STANDARD BOOK NUMBER
International Standard Book Number 019-567209-7
041 ## - LANGUAGE CODE
Language code of text/sound track or separate title eng
082 ## - DEWEY DECIMAL CLASSIFICATION NUMBER
Classification number 658.312 44
Item number MUR/LAR
100 ## - MAIN ENTRY--PERSONAL NAME
Personal name Larson B R
9 (RLIN) 110141
245 ## - TITLE STATEMENT
Title Human Development Report 2004
260 ## - PUBLICATION, DISTRIBUTION, ETC. (IMPRINT)
Date of publication, distribution, etc. 2004
Name of publisher, distributor, etc. Oxford University Press
Place of publication, distribution, etc. New York
300 ## - PHYSICAL DESCRIPTION
Extent 285p
500 ## - GENERAL NOTE
Keywords Human resource management;Report;HRM;hrm report
650 ## - SUBJECT ADDED ENTRY--TOPICAL TERM
Topical term or geographic name as entry element Human Resource Management
700 ## - ADDED ENTRY--PERSONAL NAME
Personal name Larson B R & Murphy C
9 (RLIN) 110142
906 ## - LOCAL DATA ELEMENT F, LDF (RLIN)
b 149
Holdings
Withdrawn status Lost status Damaged status Not for loan Home library Current library Date acquired Vendor Cost, normal purchase price Bill number Full call number Barcode Date last seen Cost, replacement price Bill Date Koha item type Original Barcode
Withdrawn       Smt. Hiraben Nanavati Institute of Management & Research for Women Smt. Hiraben Nanavati Institute of Management & Research for Women 25/01/2005 Vaibhav Book Centre 495.00 683/21.12.2004 658.312 44 MUR/LAR B04320 HIMR-BK-4320 25/01/2023 346.00 25/01/2005 Books B04320